<?xml version="1.0" encoding="UTF-8"?>
<record
    xmlns:xsi="http://www.w3.org/2001/XMLSchema-instance"
    xsi:schemaLocation="http://www.loc.gov/MARC21/slim http://www.loc.gov/standards/marcxml/schema/MARC21slim.xsd"
    xmlns="http://www.loc.gov/MARC21/slim">

  <leader>00702nam a2200217   4500</leader>
  <datafield tag="999" ind1=" " ind2=" ">
    <subfield code="c">1814</subfield>
    <subfield code="d">1814</subfield>
  </datafield>
  <controlfield tag="001">192222</controlfield>
  <controlfield tag="003">BD-DhUAP</controlfield>
  <controlfield tag="005">20220627130700.0</controlfield>
  <controlfield tag="008">200216s2015    bg mx p  w    0   a0eng d</controlfield>
  <datafield tag="040" ind1=" " ind2=" ">
    <subfield code="a">BD-DhAAL</subfield>
    <subfield code="c">BD-DhAAL</subfield>
    <subfield code="b">Eng</subfield>
    <subfield code="d">BD-DhUAP</subfield>
  </datafield>
  <datafield tag="082" ind1="0" ind2="0">
    <subfield code="a">348.549204 DHA</subfield>
    <subfield code="2">23</subfield>
  </datafield>
  <datafield tag="245" ind1="0" ind2="0">
    <subfield code="a">The Dhaka Law Reports :</subfield>
    <subfield code="b">a monthly law journal /</subfield>
    <subfield code="c">edited by Obaidul Huq Chowdhury and Md. Khurshid Alam Khan.</subfield>
  </datafield>
  <datafield tag="260" ind1=" " ind2=" ">
    <subfield code="a">Dhaka :</subfield>
    <subfield code="b">Dhaka law reports,</subfield>
    <subfield code="c">c2015.</subfield>
  </datafield>
  <datafield tag="300" ind1=" " ind2=" ">
    <subfield code="a">volumes ;</subfield>
    <subfield code="c">25 cm.</subfield>
  </datafield>
  <datafield tag="505" ind1=" " ind2=" ">
    <subfield code="a">V. 67--</subfield>
  </datafield>
  <datafield tag="650" ind1=" " ind2=" ">
    <subfield code="a">Law reports, digests, etc.</subfield>
    <subfield code="z">Bangladesh.</subfield>
  </datafield>
  <datafield tag="700" ind1=" " ind2=" ">
    <subfield code="a">Chowdhury, Obaidul Huq.</subfield>
  </datafield>
  <datafield tag="700" ind1=" " ind2=" ">
    <subfield code="a">Khan, Md. Khurshid Alam.</subfield>
  </datafield>
  <datafield tag="942" ind1=" " ind2=" ">
    <subfield code="2">ddc</subfield>
    <subfield code="c">BK</subfield>
  </datafield>
  <datafield tag="952" ind1=" " ind2=" ">
    <subfield code="0">0</subfield>
    <subfield code="1">0</subfield>
    <subfield code="2">ddc</subfield>
    <subfield code="4">0</subfield>
    <subfield code="7">0</subfield>
    <subfield code="a">UAPCL</subfield>
    <subfield code="b">UAPCL</subfield>
    <subfield code="c">General Stacks</subfield>
    <subfield code="d">2020-02-16</subfield>
    <subfield code="o">348.549204 DHA V-67</subfield>
    <subfield code="p">3010019222</subfield>
    <subfield code="r">2020-02-16</subfield>
    <subfield code="t">1</subfield>
    <subfield code="w">2020-02-16</subfield>
    <subfield code="y">BK</subfield>
  </datafield>
  <datafield tag="952" ind1=" " ind2=" ">
    <subfield code="0">0</subfield>
    <subfield code="1">0</subfield>
    <subfield code="2">ddc</subfield>
    <subfield code="4">0</subfield>
    <subfield code="7">0</subfield>
    <subfield code="a">UAPCL</subfield>
    <subfield code="b">UAPCL</subfield>
    <subfield code="c">General Stacks</subfield>
    <subfield code="d">2022-06-27</subfield>
    <subfield code="o">348.549204 DHA V-72</subfield>
    <subfield code="p">3010021709</subfield>
    <subfield code="r">2022-06-27</subfield>
    <subfield code="t">2</subfield>
    <subfield code="w">2022-06-27</subfield>
    <subfield code="y">BK</subfield>
  </datafield>
  <datafield tag="952" ind1=" " ind2=" ">
    <subfield code="0">0</subfield>
    <subfield code="1">0</subfield>
    <subfield code="2">ddc</subfield>
    <subfield code="4">0</subfield>
    <subfield code="7">0</subfield>
    <subfield code="a">UAPCL</subfield>
    <subfield code="b">UAPCL</subfield>
    <subfield code="c">General Stacks</subfield>
    <subfield code="d">2022-06-27</subfield>
    <subfield code="o">348.549204 DHA V-73</subfield>
    <subfield code="p">3010021710</subfield>
    <subfield code="r">2022-06-27</subfield>
    <subfield code="t">3</subfield>
    <subfield code="w">2022-06-27</subfield>
    <subfield code="y">BK</subfield>
  </datafield>
</record>
